[Event "Junior Online 4NCL Division 5"]
[Site "online"]
[Date "2021.03.18"]
[EventDate "2021.03.18"]
[Round "5.181"]
[White "Rajdev, Vamika"]
[WhiteElo "1150"]
[WhiteTeam "Young Dragons C"]
[Black "Tolani, Kabir"]
[BlackElo "1455"]
[BlackTeam "Chess Challengers E"]
[Result "0-1"]
[PlyCount "144"]

1. d4 d5 2. c4 Nf6 3. Nc3 Bf5 4. Nf3 e6 5. Ne5 dxc4 6. Nxc4 Nc6 7. e4 Nxe4 8. Nxe4 Bxe4 9. Be3 Bb4+ 10. Nd2 Bxd2+ 11. Qxd2 O-O 12. f3 Bg6 13. Bc4 e5 14. d5 Ne7 15. d6 Qxd6 16. Qxd6 cxd6 17. O-O Nf5 18. Bg5 h6 19. Bd2 Rac8 20. b3 Nd4 21. Rac1 a6 22. Rfe1 b5 23. Bd5 Rxc1 24. Bxc1 Rc8 25. Bb7 Rxc1 26. Rxc1 Ne2+ 27. Kf2 Nxc1 28. Bxa6 b4 29. a4 Nxb3 30. Bc4 Nc5 31. a5 e4 32. a6 Nxa6 33. Bxa6 exf3 34. gxf3 b3 35. Ke2 b2 36. Bd3 Bxd3+ 37. Kxd3 b1=Q+ 38. Ke3 Qd1 39. f4 Qe1+ 40. Kd4 Qd2+ 41. Ke4 Qd5+ 42. Ke3 Qe6+ 43. Kd4 Qf5 44. Ke3 d5 45. Kd4 Qxf4+ 46. Kxd5 Qxh2 47. Kd4 Qf2+ 48. Kd5 Qf4 49. Kc5 Qe4 50. Kb5 Qd4 51. Ka5 Qc4 52. Kb6 Qd5 53. Ka6 Qc5 54. Kb7 Qd6 55. Ka7 Qc6 56. Kb8 Qd7 57. Ka8 h5 58. Kb8 h4 59. Ka8 h3 60. Kb8 h2 61. Ka8 f5 62. Kb8 f4 63. Ka8 f3 64. Kb8 f2 65. Ka8 f1=Q 66. Kb8 g5 67. Ka8 g4 68. Kb8 g3 69. Ka8 g2 70. Kb8 g1=Q 71. Ka8 h1=Q+ 72. Kb8 Qb1# 0-1

[Event "Junior Online 4NCL Division 5"]
[Site "online"]
[Date "2021.03.18"]
[EventDate "2021.03.18"]
[Round "5.182"]
[White "Pyla, Akhil"]
[WhiteElo "1426"]
[WhiteTeam "Chess Challengers E"]
[Black "Swartz, Edward RG"]
[BlackElo "1013"]
[BlackTeam "Young Dragons C"]
[Result "0-1"]
[PlyCount "122"]

1. e4 c5 2. Bc4 d6 3. Nf3 Nc6 4. c3 Nf6 5. d3 g6 6. Qa4 Bd7 7. Ng5 e6 8. Qb3 Na5 9. Qd1 Nxc4 10. dxc4 Bh6 11. f3 Ng8 12. Nh3 Bxc1 13. Qxc1 e5 14. Nf2 Qe7 15. O-O O-O-O 16. Na3 f5 17. Nb5 a6 18. Na3 Nf6 19. Rd1 Bc6 20. Re1 Rhg8 21. b4 b5 22. cxb5 axb5 23. Qd2 Qa7 24. Nb1 c4 25. Qe3 Rd7 26. Qxa7 Rxa7 27. h3 Re7 28. Nd2 d5 29. exd5 Bxd5 30. a4 bxa4 31. Rxa4 Kd7 32. Ra7+ Ke8 33. Rxe7+ Kxe7 34. Rxe5+ Kd6 35. Re1 Bf7 36. Ra1 Rd8 37. Nf1 Nd5 38. Rd1 Ke7 39. Re1+ Kf8 40. Ne3 Nxc3 41. Rc1 Ne2+ 42. Kh2 Nxc1 43. g3 c3 44. Kg1 Rb8 45. Nfd1 Ne2+ 46. Kf2 Nd4 47. Nxc3 Rxb4 48. Ne2 Rb2 49. f4 Rxe2+ 50. Kf1 Rxe3 51. Kf2 Rf3+ 52. Kg2 Ke7 53. h4 Kd6 54. Kh3 h5 55. Kg2 Kc5 56. Kh3 Kc4 57. Kg2 Kd3 58. Kg1 Rxg3+ 59. Kf2 Rg4 60. Ke1 Rxf4 61. Kd1 Rf1# 0-1

[Event "Junior Online 4NCL Division 5"]
[Site "online"]
[Date "2021.03.18"]
[EventDate "2021.03.18"]
[Round "5.183"]
[White "Kong, Emma"]
[WhiteElo "1000"]
[WhiteTeam "Young Dragons C"]
[Black "Devalia, Aadishesh"]
[BlackElo "1452"]
[BlackTeam "Chess Challengers E"]
[Result "0-1"]
[PlyCount "124"]

1. e4 e5 2. Nf3 Nc6 3. Bc4 Bc5 4. c3 Nf6 5. d4 exd4 6. cxd4 Bb4+ 7. Bd2 Bxd2+ 8. Nbxd2 O-O 9. O-O d5 10. exd5 Nxd5 11. h3 Nf6 12. Nb3 Be6 13. Bxe6 fxe6 14. Nc5 b6 15. Nxe6 Qd7 16. Nxf8 Rxf8 17. Ne5 Nxe5 18. dxe5 Qxd1 19. Raxd1 Nh5 20. Rd7 Rc8 21. Re1 Nf4 22. Re4 Ne6 23. Re3 a5 24. Re7 Nf4 25. g3 Nd5 26. e6 Nxe7 27. f4 Re8 28. Re4 Nf5 29. g4 Nd6 30. Re2 h6 31. f5 Kf8 32. h4 Ke7 33. Kg2 Kf6 34. Kg3 Nxf5+ 35. gxf5 Kxf5 36. Rc2 c5 37. Rd2 Rxe6 38. Rd7 Kf6 39. Rd3 Re2 40. Rb3 Re6 41. Rf3+ Kg6 42. Rb3 a4 43. Rc3 Rc6 44. Kg4 b5 45. h5+ Kh7 46. Rf3 Rf6 47. Rc3 c4 48. Re3 Rf2 49. b3 Rxa2 50. bxc4 bxc4 51. Re4 Rc2 52. Re1 a3 53. Ra1 Rc3 54. Kf5 Rb3 55. Ke6 c3 56. Kf7 c2 57. Rg1 Rc3 58. Rxg7+ Kh8 59. Rg6 Rc7+ 60. Kf8 c1=Q 61. Rg8+ Kh7 62. Rg7+ Rxg7 0-1

[Event "Junior Online 4NCL Division 5"]
[Site "online"]
[Date "2021.03.18"]
[EventDate "2021.03.18"]
[Round "5.184"]
[White "Pang, Isobel"]
[WhiteElo "1420"]
[WhiteTeam "Chess Challengers E"]
[Black "Choung, Ava Grace"]
[BlackElo "950"]
[BlackTeam "Young Dragons C"]
[Result "0-1"]
[PlyCount "92"]

1. e4 e5 2. Nf3 Nc6 3. d4 exd4 4. Nxd4 Nxd4 5. Qxd4 Nf6 6. Bc4 b6 7. Nc3 Bc5 8. Qe5+ Qe7 9. Bxf7+ Kxf7 10. Qxc7 Nxe4 11. O-O Nxc3 12. bxc3 Qf6 13. Bf4 Qxc3 14. Rac1 g5 15. Bd6 Re8 16. Bxc5 Qxc5 17. Qxc5 bxc5 18. c4 Re2 19. a4 Ra2 20. Ra1 Rxa1 21. Rxa1 Ba6 22. Rc1 Rb8 23. a5 Rb4 24. Rd1 Bc8 25. Rc1 Ba6 26. Rd1 Ke7 27. Re1+ Kd8 28. g3 Bxc4 29. f4 gxf4 30. gxf4 Bd3 31. Kg2 Rxf4 32. Kg3 Rf5 33. Kg4 c4 34. h4 c3 35. h5 c2 36. Rc1 Rxa5 37. h6 Rb5 38. Kf4 a5 39. Ke3 Rb1 40. Rxb1 cxb1=Q 41. Kf4 Qe1 42. Kg5 Qe5+ 43. Kh4 Be2 44. Kh3 Qg5 45. Kh2 Bf1 46. Kh1 Qg2# 0-1

[Event "Junior Online 4NCL Division 5"]
[Site "online"]
[Date "2021.03.18"]
[EventDate "2021.03.18"]
[Round "5.185"]
[White "Tolani, Kabir"]
[WhiteElo "1455"]
[WhiteTeam "Chess Challengers E"]
[Black "Rajdev, Vamika"]
[BlackElo "1150"]
[BlackTeam "Young Dragons C"]
[Result "1-0"]
[PlyCount "127"]

1. e4 c5 2. Nc3 Nf6 3. Bc4 e6 4. Nf3 a6 5. d3 d5 6. exd5 exd5 7. Bb3 d4 8. Na4 b5 9. Nxc5 Bxc5 10. Bg5 Bb4+ 11. Nd2 Bxd2+ 12. Qxd2 O-O 13. Qf4 Nbd7 14. O-O h6 15. Bxf6 Nxf6 16. Qh4 Bf5 17. Rfe1 Re8 18. a4 Rxe1+ 19. Rxe1 Qa5 20. f3 Re8 21. Rxe8+ Nxe8 22. h3 Qb4 23. Qh5 Nd6 24. Bxf7+ Nxf7 25. Qxf5 bxa4 26. Qc8+ Kh7 27. Qf5+ Kg8 28. Qc8+ Qf8 29. Qxa6 Qe8 30. b4 axb3 31. cxb3 Ne5 32. b4 Nxd3 33. Qxd3 Qd7 34. b5 Qd5 35. b6 Qd7 36. Qa6 d3 37. b7 Qd8 38. Qxd3 Qb8 39. Qd5+ Kh7 40. Qf5+ Kg8 41. Qc8+ Qxc8 42. bxc8=Q+ Kf7 43. Qd7+ Kf6 44. Kf2 Ke5 45. Qxg7+ Kf5 46. Qxh6 Ke5 47. Qg6 Kd4 48. Qf5 Kc4 49. Qe5 Kd3 50. Qf4 Kc3 51. Qe4 Kb3 52. Qd4 Ka3 53. Qc4 Kb2 54. Qd3 Kc1 55. Qe2 Kb1 56. Qd2 Ka1 57. f4 Kb1 58. f5 Ka1 59. f6 Kb1 60. f7 Ka1 61. f8=Q Kb1 62. g4 Ka1 63. g5 Kb1 64. g6 1-0

[Event "Junior Online 4NCL Division 5"]
[Site "online"]
[Date "2021.03.18"]
[EventDate "2021.03.18"]
[Round "5.186"]
[White "Swartz, Edward RG"]
[WhiteElo "1013"]
[WhiteTeam "Young Dragons C"]
[Black "Pyla, Akhil"]
[BlackElo "1426"]
[BlackTeam "Chess Challengers E"]
[Result "1-0"]
[PlyCount "75"]

1. e4 d5 2. exd5 Qxd5 3. Nc3 Qa5 4. Nf3 c6 5. d4 Bg4 6. Be2 Nf6 7. Bd2 Ne4 8. Nxe4 Qb6 9. Bc3 e6 10. Ne5 Bxe2 11. Qxe2 f6 12. Qh5+ g6 13. Nxg6 Rg8 14. Nxf8+ Kxf8 15. Qh6+ Rg7 16. Qxf6+ Rf7 17. Qh8+ Ke7 18. Qe5 Nd7 19. Qd6+ Kd8 20. Qxe6 Re7 21. Qf5 c5 22. O-O-O cxd4 23. Rxd4 Qh6+ 24. Qg5 Qxg5+ 25. Nxg5 Kc7 26. Rhd1 Rg8 27. Bb4 Reg7 28. Ne6+ Kc6 29. Nxg7 Rxg7 30. Rd6+ Kc7 31. Bc3 Rf7 32. Be5 Kc8 33. Bg3 Nb6 34. Re1 Kc7 35. Rf6+ Kd8 36. Rxf7 a5 37. Re4 a4 38. Bh4+ 1-0

[Event "Junior Online 4NCL Division 5"]
[Site "online"]
[Date "2021.03.18"]
[EventDate "2021.03.18"]
[Round "5.187"]
[White "Devalia, Aadishesh"]
[WhiteElo "1452"]
[WhiteTeam "Chess Challengers E"]
[Black "Kong, Emma"]
[BlackElo "1000"]
[BlackTeam "Young Dragons C"]
[Result "1-0"]
[PlyCount "109"]

1. d4 d5 2. c4 c6 3. Nc3 Nf6 4. Nf3 dxc4 5. e4 b5 6. a3 Bg4 7. Be2 Nbd7 8. O-O e6 9. Bg5 h6 10. Bh4 Be7 11. e5 Bxf3 12. exf6 Bxe2 13. fxe7 Bxd1 14. exd8=Q+ Rxd8 15. Bxd8 Bg4 16. Ba5 O-O 17. Bb4 Re8 18. h3 Bf5 19. Rfe1 Rc8 20. Ne4 Nb6 21. Nd6 Rd8 22. g4 Bd3 23. Bc5 Nd5 24. Nb7 Rd7 25. Nd6 a6 26. b4 Nf4 27. Kh2 Bg6 28. Kg3 Nd3 29. Red1 Nxc5 30. dxc5 Bc2 31. Rdc1 Bg6 32. Re1 Bd3 33. Red1 Bg6 34. Rd2 Bd3 35. Rad1 Bg6 36. h4 c3 37. h5 Bh7 38. Ra2 c2 39. Rc1 Re7 40. Raxc2 Bxc2 41. Rxc2 Rd7 42. Rd2 Re7 43. Nc8 Re8 44. Nb6 Kf8 45. Nd7+ Ke7 46. Nb6 Rb8 47. Rd7+ Kf6 48. Rd6 Re8 49. Rxc6 Rd8 50. Rd6 Re8 51. c6 Re7 52. Rd7 Re8 53. c7 g6 54. Rd8 Rxd8 55. cxd8=Q+ 1-0

[Event "Junior Online 4NCL Division 5"]
[Site "online"]
[Date "2021.03.18"]
[EventDate "2021.03.18"]
[Round "5.188"]
[White "Choung, Ava Grace"]
[WhiteElo "950"]
[WhiteTeam "Young Dragons C"]
[Black "Pang, Isobel"]
[BlackElo "1420"]
[BlackTeam "Chess Challengers E"]
[Result "1-0"]
[PlyCount "65"]

1. e4 b6 2. Nf3 Bb7 3. Bc4 e6 4. Nc3 Nf6 5. d3 d5 6. exd5 exd5 7. Qe2+ Be7 8. Bb3 O-O 9. O-O Bd6 10. Bg5 h6 11. Bh4 Nbd7 12. Nb5 Be7 13. Nxc7 Qxc7 14. Qxe7 Rae8 15. Qb4 Ne5 16. Nxe5 Qxe5 17. c3 h5 18. Bxf6 Qxf6 19. Qa4 Qg6 20. Qxa7 Bc8 21. Bxd5 Bh3 22. Rfd1 Rd8 23. Be4 Qg5 24. Kf1 Bf5 25. Bxf5 Qxf5 26. Qxb6 Rxd3 27. Rxd3 Qxd3+ 28. Kg1 Rd8 29. g3 Rd6 30. Qc5 h4 31. Qc8+ Rd8 32. Qc5 hxg3 33. hxg3 1-0

[Event "Junior Online 4NCL Division 5"]
[Site "online"]
[Date "2021.03.18"]
[EventDate "2021.03.18"]
[Round "5.191"]
[White "Ali, Zaki"]
[WhiteElo "1189"]
[WhiteTeam "Wanstead Warriors 3"]
[Black "Marshall, Wilfred"]
[BlackElo "887"]
[BlackTeam "Barnet Knights G"]
[Result "1-0"]
[PlyCount "81"]

1. e4 c5 2. Nf3 d6 3. d4 Nc6 4. Bc4 Nf6 5. dxc5 Nxe4 6. cxd6 Nxd6 7. Bf4 Nxc4 8. Qc1 Bf5 9. O-O g6 10. Re1 Bg7 11. Nc3 O-O 12. Rd1 Qb6 13. Nd5 Qxb2 14. Qxb2 Bxb2 15. Rab1 Bxc2 16. Rxb2 Nxb2 17. Rc1 Nd3 18. Rxc2 Nxf4 19. Nxf4 Rfd8 20. h3 Nd4 21. Nxd4 Rxd4 22. Ne2 Re4 23. Nc3 Rc4 24. Kf1 Rd8 25. Ke2 f5 26. Rd2 Rdc8 27. Nd5 Re4+ 28. Kf3 Re8 29. g4 e6 30. Nf6+ Kf7 31. Nxe4 fxe4+ 32. Kxe4 Kf6 33. f4 Rc8 34. g5+ Kf7 35. Rd7+ Ke8 36. Rxb7 Rc3 37. Rxa7 Rxh3 38. Ke5 Re3+ 39. Kf6 Rf3 40. Kxe6 Rxf4 41. Ra8# 1-0

[Event "Junior Online 4NCL Division 5"]
[Site "online"]
[Date "2021.03.18"]
[EventDate "2021.03.18"]
[Round "5.192"]
[White "Morin, Julian"]
[WhiteElo "938"]
[WhiteTeam "Barnet Knights G"]
[Black "Quin, Wilder"]
[BlackElo "1100"]
[BlackTeam "Wanstead Warriors 3"]
[Result "1-0"]
[PlyCount "113"]

1. e4 e5 2. Nf3 Nc6 3. Nc3 Nf6 4. Bc4 h6 5. d3 d6 6. h3 Qe7 7. O-O Be6 8. Bb3 Bxb3 9. axb3 Qe6 10. Be3 d5 11. exd5 Nxd5 12. Nxd5 Qxd5 13. Re1 Bb4 14. Bd2 O-O 15. Bxb4 Nxb4 16. Rxe5 Qc6 17. c3 Nd5 18. c4 Nb4 19. Qd2 Qb6 20. Rb5 Qd6 21. Qxb4 Qxb4 22. Rxb4 b6 23. Rb5 a5 24. Re1 Rad8 25. Rd5 Rxd5 26. cxd5 Rd8 27. Re7 Rxd5 28. Rxc7 Rxd3 29. Rc3 Rd1+ 30. Kh2 Rb1 31. Rc8+ Kh7 32. Rb8 Rxb2 33. Rxb6 Rxf2 34. Rb5 Ra2 35. Ne5 f6 36. Ng4 Kg8 37. b4 axb4 38. Rxb4 Kh7 39. Rb7 Kg6 40. Kg3 Ra4 41. h4 f5 42. Ne5+ Kf6 43. Nd7+ Kg6 44. Nf8+ Kf6 45. Nh7+ Kg6 46. Nf8+ Kf6 47. Nd7+ Kg6 48. Nc5 Rc4 49. Ne6 Rg4+ 50. Kh3 Kf6 51. Nf8 g5 52. Nd7+ Kg6 53. Ne5+ Kf6 54. Nxg4+ fxg4+ 55. Kxg4 Kg6 56. hxg5 hxg5 57. Rb5 1-0

[Event "Junior Online 4NCL Division 5"]
[Site "online"]
[Date "2021.03.18"]
[EventDate "2021.03.18"]
[Round "5.193"]
[White "Fearn, Elliot"]
[WhiteElo "1100"]
[WhiteTeam "Wanstead Warriors 3"]
[Black "Finlay Fox, George"]
[BlackElo "800"]
[BlackTeam "Barnet Knights G"]
[Result "1-0"]
[PlyCount "63"]

1. e4 e5 2. Nf3 Bc5 3. Bc4 Nf6 4. Nxe5 Nxe4 5. Qf3 O-O 6. Bxf7+ Kh8 7. O-O Qg5 8. Qxe4 d6 9. Nf3 Qf6 10. Ng5 Qxg5 11. d4 c6 12. Bxg5 Bb4 13. Qe7 d5 14. Qxf8+ Bxf8 15. Re1 h6 16. Be7 Bxe7 17. Rxe7 a5 18. Bg6 Be6 19. Re8+ Bg8 20. Nc3 Ra6 21. Rae1 Rb6 22. Rf8 Nd7 23. Rd8 Nf6 24. Na4 Rb4 25. Nc5 Rxd4 26. Nd7 Ne4 27. f3 Nd2 28. Ree8 Nxf3+ 29. gxf3 Rd1+ 30. Kg2 Rd2+ 31. Kg3 h5 32. Rxg8# 1-0

[Event "Junior Online 4NCL Division 5"]
[Site "online"]
[Date "2021.03.18"]
[EventDate "2021.03.18"]
[Round "5.194"]
[White "Greenberg, Sam"]
[WhiteElo "600"]
[WhiteTeam "Barnet Knights G"]
[Black "Shivhare, Shaurya"]
[BlackElo "1075"]
[BlackTeam "Wanstead Warriors 3"]
[Result "1-0"]
[PlyCount "23"]

1. e4 e5 2. Nf3 Nc6 3. Bd3 Bc5 4. O-O Nd4 5. Nxd4 Bxd4 6. c3 Bc5 7. Bc4 Qg5 8. d4 exd4 9. Bxg5 f6 10. cxd4 Bb4 11. Bf4 Ne7 12. Bxc7 1-0

[Event "Junior Online 4NCL Division 5"]
[Site "online"]
[Date "2021.03.18"]
[EventDate "2021.03.18"]
[Round "5.195"]
[White "Marshall, Wilfred"]
[WhiteElo "887"]
[WhiteTeam "Barnet Knights G"]
[Black "Ali, Zaki"]
[BlackElo "1189"]
[BlackTeam "Wanstead Warriors 3"]
[Result "0-1"]
[PlyCount "44"]

1. e4 e6 2. Nf3 d5 3. exd5 exd5 4. d4 Nc6 5. c4 Bb4+ 6. Bd2 Qe7+ 7. Be2 Bxd2+ 8. Nbxd2 Be6 9. cxd5 Bxd5 10. O-O Bxf3 11. Bxf3 Nxd4 12. Re1 Ne6 13. Bxb7 Rb8 14. Bc6+ Kd8 15. Nc4+ Kc8 16. Ne5 Nf6 17. Nc4 Qc5 18. Bd5 Nxd5 19. Na3 Rxb2 20. Nc2 Rxc2 21. Rb1 Qxf2+ 22. Kh1 Qxg2# 0-1

[Event "Junior Online 4NCL Division 5"]
[Site "online"]
[Date "2021.03.18"]
[EventDate "2021.03.18"]
[Round "5.196"]
[White "Quin, Wilder"]
[WhiteElo "1100"]
[WhiteTeam "Wanstead Warriors 3"]
[Black "Morin, Julian"]
[BlackElo "938"]
[BlackTeam "Barnet Knights G"]
[Result "0-1"]
[PlyCount "130"]

1. e4 e5 2. Nc3 Nf6 3. f4 exf4 4. e5 Ng8 5. Nf3 Nc6 6. d4 d6 7. Bxf4 dxe5 8. Bxe5 Nxe5 9. dxe5 Qxd1+ 10. Nxd1 f6 11. Nc3 fxe5 12. Nxe5 Bf5 13. O-O-O Bd6 14. Nc4 Bf8 15. Nb5 Rc8 16. Nxa7 Rd8 17. Rxd8+ Kxd8 18. Nb5 c6 19. Nbd6 Bxd6 20. Nxd6 Ne7 21. Nxb7+ Kc8 22. Nc5 Re8 23. Bc4 Ng6 24. Rd1 Re5 25. Ba6+ Kc7 26. Nd3 Rd5 27. Bc4 Rd6 28. Nc5 Rxd1+ 29. Kxd1 Kd6 30. b4 Ne5 31. Bg8 h6 32. c3 Ng4 33. h3 Ne3+ 34. Kd2 Nxg2 35. a4 Kc7 36. c4 Bxh3 37. b5 cxb5 38. cxb5 Kb6 39. Kc3 Kxc5 40. a5 Kxb5 41. Bd5 Kxa5 42. Bxg2 Bxg2 43. Kd4 h5 44. Ke3 h4 45. Kf2 h3 46. Kg1 Kb5 47. Kh2 Kc4 48. Kg1 Kd4 49. Kh2 Ke4 50. Kg1 Kf4 51. Kh2 g5 52. Kg1 g4 53. Kh2 Kg5 54. Kg3 Ba8 55. Kh2 Kh4 56. Kg1 g3 57. Kf1 h2 58. Ke2 h1=Q 59. Ke3 g2 60. Kf2 g1=Q+ 61. Ke2 Qhg2+ 62. Kd3 Be4+ 63. Kc4 Bd3+ 64. Kc3 Qc1+ 65. Kd4 Qe4# 0-1

[Event "Junior Online 4NCL Division 5"]
[Site "online"]
[Date "2021.03.18"]
[EventDate "2021.03.18"]
[Round "5.197"]
[White "Finlay Fox, George"]
[WhiteElo "800"]
[WhiteTeam "Barnet Knights G"]
[Black "Fearn, Elliot"]
[BlackElo "1100"]
[BlackTeam "Wanstead Warriors 3"]
[Result "0-1"]
[PlyCount "53"]

1. e4 e5 2. Bc4 Nf6 3. Qf3 Bc5 4. Qf5 Nc6 5. d3 d6 6. Qf3 Nd4 7. Qg3 Ng4 8. Ne2 Bb4+ 9. Bd2 Nxc2+ 10. Kf1 Bc5 11. Nbc3 Nxa1 12. Nd5 Bb4 13. Bb5+ c6 14. Bc4 Bxd2 15. Ng1 cxd5 16. Nh3 dxc4 17. Qf3 d5 18. exd5 Nc2 19. Ke2 Nd4+ 20. Kd1 Nxf3 21. Rf1 Ngxh2 22. Rg1 Nxg1 23. Nxg1 Bg4+ 24. Kxd2 Nf1+ 25. Ke1 Nh2 26. Kd2 Qa5+ 27. Kc2 0-1

[Event "Junior Online 4NCL Division 5"]
[Site "online"]
[Date "2021.03.18"]
[EventDate "2021.03.18"]
[Round "5.198"]
[White "Shivhare, Shaurya"]
[WhiteElo "1075"]
[WhiteTeam "Wanstead Warriors 3"]
[Black "Greenberg, Sam"]
[BlackElo "600"]
[BlackTeam "Barnet Knights G"]
[Result "1-0"]
[PlyCount "41"]

1. e4 e5 2. Nf3 Nc6 3. Bc4 Bc5 4. Ng5 Qxg5 5. d4 exd4 6. Bxg5 f6 7. Bf4 d5 8. exd5 Ne5 9. Bb5+ c6 10. dxc6 bxc6 11. Bd3 Nxd3+ 12. Qxd3 g6 13. b4 Bf5 14. Qe2+ Ne7 15. Qa6 Bxb4+ 16. Kd1 Bg4+ 17. f3 Bc8 18. Qc4 a5 19. Qxd4 Rb8 20. Re1 Rb7 21. c3 1-0

[Event "Junior Online 4NCL Division 5"]
[Site "online"]
[Date "2021.03.18"]
[EventDate "2021.03.18"]
[Round "5.202"]
[White "Thompson, Thomas George"]
[WhiteElo "1143"]
[WhiteTeam "KEGS B"]
[Black "Elisseev-Siuda, Ivan"]
[BlackElo "1099"]
[BlackTeam "Manchester Juniors E"]
[Result "1-0"]
[PlyCount "53"]

1. e4 e5 2. Nf3 Nc6 3. d4 Nxd4 4. Nxd4 exd4 5. Qxd4 d6 6. Bc4 Nf6 7. Bg5 h6 8. Bh4 Be7 9. Nc3 O-O 10. O-O c5 11. Qe3 Be6 12. Bxe6 fxe6 13. Rad1 Ng4 14. Bxe7 Qxe7 15. Qg3 Ne5 16. f4 Nc4 17. b3 Nb2 18. Rb1 Qf6 19. Rxb2 e5 20. Nd5 Qf7 21. f5 Kh7 22. Rbb1 g6 23. f6 Qe6 24. Nc7 Qd7 25. Nxa8 Rxa8 26. Rf2 Rf8 27. Rbf1 1-0

[Event "Junior Online 4NCL Division 5"]
[Site "online"]
[Date "2021.03.18"]
[EventDate "2021.03.18"]
[Round "5.204"]
[White "Gould, Charlie"]
[WhiteElo "1053"]
[WhiteTeam "KEGS B"]
[Black "Sheehy, Lewis"]
[BlackElo "1076"]
[BlackTeam "Manchester Juniors E"]
[Result "0-1"]
[PlyCount "60"]

1. e4 Nf6 2. Nc3 d6 3. Nf3 g6 4. Bc4 Bg7 5. O-O a6 6. h3 b5 7. Bb3 c5 8. d3 Nc6 9. Be3 O-O 10. a3 Bd7 11. a4 b4 12. Nd5 Nxd5 13. exd5 Ne5 14. Nxe5 Bxe5 15. Bh6 Re8 16. c3 bxc3 17. bxc3 Bxc3 18. d4 Bxa1 19. Qxa1 f6 20. dxc5 dxc5 21. d6+ Kh8 22. dxe7 Qxe7 23. a5 Qe5 24. Qd1 Bc6 25. Bf7 Re7 26. Bb3 Bb5 27. f4 Qe3+ 28. Kh1 Bxf1 29. Qxf1 Qxb3 30. Qxa6 Rxa6 0-1

[Event "Junior Online 4NCL Division 5"]
[Site "online"]
[Date "2021.03.18"]
[EventDate "2021.03.18"]
[Round "5.206"]
[White "Elisseev-Siuda, Ivan"]
[WhiteElo "1099"]
[WhiteTeam "Manchester Juniors E"]
[Black "Thompson, Thomas George"]
[BlackElo "1143"]
[BlackTeam "KEGS B"]
[Result "0-1"]
[PlyCount "44"]

1. d4 d5 2. c4 c6 3. cxd5 cxd5 4. Nc3 Nf6 5. Bf4 e6 6. a3 Nc6 7. Nf3 Bd6 8. Bxd6 Qxd6 9. e3 O-O 10. Bb5 Bd7 11. O-O a6 12. Bxc6 Bxc6 13. Qd3 Ne4 14. Nxe4 dxe4 15. Qe2 Bb5 16. Qd1 Bxf1 17. Qxf1 exf3 18. gxf3 f5 19. Qg2 Rf6 20. Kh1 Rg6 21. Qh3 Rh6 22. Qf1 Qxh2# 0-1

[Event "Junior Online 4NCL Division 5"]
[Site "online"]
[Date "2021.03.18"]
[EventDate "2021.03.18"]
[Round "5.208"]
[White "Sheehy, Lewis"]
[WhiteElo "1076"]
[WhiteTeam "Manchester Juniors E"]
[Black "Gould, Charlie"]
[BlackElo "1053"]
[BlackTeam "KEGS B"]
[Result "1-0"]
[PlyCount "73"]

1. d4 e6 2. Bf4 d5 3. e3 Bd6 4. Bg3 Bxg3 5. hxg3 Nf6 6. c4 Ne4 7. cxd5 Qxd5 8. Nc3 Qa5 9. Ne2 Nxc3 10. Nxc3 Nc6 11. Qb3 O-O 12. O-O-O e5 13. Ne2 Be6 14. Qa3 Bxa2 15. Qxa5 Nxa5 16. dxe5 Nb3+ 17. Kc2 h6 18. Nc3 b5 19. Nxa2 Nc5 20. Bxb5 c6 21. Bxc6 Rac8 22. Bf3 Ne4+ 23. Kb1 Nxf2 24. Bb7 Rb8 25. Bf3 Nxd1 26. Rxd1 a5 27. Rd5 Rfe8 28. Rxa5 Rb7 29. Bxb7 Rb8 30. Bf3 h5 31. Bxh5 Kh7 32. Bxf7 Rf8 33. e6 Kh6 34. e7 Rxf7 35. e8=Q Rf1+ 36. Nc1 Rg1 37. Qh5# 1-0

[Event "Junior Online 4NCL Division 5"]
[Site "online"]
[Date "2021.03.18"]
[EventDate "2021.03.18"]
[Round "5.211"]
[White "Szajman, Adam"]
[WhiteElo "998"]
[WhiteTeam "Edgware Gambits H"]
[Black "Perl, Joseph"]
[BlackElo "1164"]
[BlackTeam "Barnet Knights F"]
[Result "0-1"]
[PlyCount "88"]

1. d4 g6 2. c4 Bg7 3. e4 e5 4. Nf3 d6 5. dxe5 dxe5 6. Qxd8+ Kxd8 7. b3 f5 8. exf5 e4 9. Bg5+ Ke8 10. f6 Nxf6 11. Bf4 exf3 12. Nd2 Nh5 13. Bxc7 Bxa1 14. Nxf3 Kd7 15. Be5 Re8 16. Kd2 Bxe5 17. Nxe5+ Rxe5 18. Bd3 Ke8 19. Re1 Rxe1 20. Kxe1 Nc6 21. Be4 Bf5 22. Bxf5 gxf5 23. h3 Nb4 24. a3 Nc2+ 25. Kd2 Nxa3 26. g4 fxg4 27. hxg4 Nf4 28. Ke3 Ng2+ 29. Kf3 Ne1+ 30. Ke2 Ng2 31. Kf3 Nh4+ 32. Kg3 Ng6 33. f4 Rd8 34. f5 Rd3+ 35. Kf2 Nf4 36. g5 Rxb3 37. f6 Kf7 38. g6+ hxg6 39. c5 Kxf6 40. c6 bxc6 41. Ke1 c5 42. Kd2 c4 43. Kc1 c3 44. Kd1 Rb1# 0-1

[Event "Junior Online 4NCL Division 5"]
[Site "online"]
[Date "2021.03.18"]
[EventDate "2021.03.18"]
[Round "5.213"]
[White "Illingworth-Law, Oscar"]
[WhiteElo "969"]
[WhiteTeam "Edgware Gambits H"]
[Black "Kotha, Vedant"]
[BlackElo "1120"]
[BlackTeam "Barnet Knights F"]
[Result "0-1"]
[PlyCount "84"]

1. e4 e5 2. Nf3 Nc6 3. d4 exd4 4. Nxd4 Nxd4 5. Qxd4 d6 6. Bc4 Be6 7. Bxe6 fxe6 8. e5 c5 9. Qe4 Qa5+ 10. Bd2 Qb5 11. exd6 Qxb2 12. Bc3 Qb6 13. Qa4+ Qc6 14. Qxc6+ bxc6 15. Be5 Rd8 16. Nc3 Nf6 17. Rd1 Ng4 18. f4 Ne3 19. Rd2 Nc4 20. Rd3 Nxd6 21. O-O Be7 22. Rfd1 Nc4 23. Bxg7 Rg8 24. Rxd8+ Bxd8 25. Bh6 Ne3 26. Re1 Nxg2 27. Kf2 Nxe1 28. Kxe1 Bh4+ 29. Ke2 Rg2+ 30. Kf3 Rxh2 31. Ne4 Rxc2 32. Kg4 Be7 33. f5 Rg2+ 34. Kf4 Rxa2 35. fxe6 Rf2+ 36. Ke5 Rg2 37. Nd6+ Bxd6+ 38. Kxd6 Rg6 39. Bf8 Kxf8 40. Kd7 Rg7+ 41. Kd6 Ke8 42. Kxc6 c4 0-1

[Event "Junior Online 4NCL Division 5"]
[Site "online"]
[Date "2021.03.18"]
[EventDate "2021.03.18"]
[Round "5.214"]
[White "Pugh, Ben"]
[WhiteElo "993"]
[WhiteTeam "Barnet Knights F"]
[Black "Patel, Kamran"]
[BlackElo "952"]
[BlackTeam "Edgware Gambits H"]
[Result "0-1"]
[PlyCount "68"]

1. d4 d5 2. e3 Bf5 3. Bd3 Bxd3 4. Qxd3 e6 5. c3 Bd6 6. Nd2 c6 7. Ngf3 Nf6 8. O-O O-O 9. Nb3 Nbd7 10. Bd2 a6 11. h3 h6 12. Rad1 b5 13. Rfe1 Nb6 14. Rc1 Na4 15. Rcd1 Nxb2 16. Qc2 Nxd1 17. Rxd1 Ne4 18. Ne1 Nxd2 19. Rxd2 Qe7 20. Nf3 Rfc8 21. h4 c5 22. Nxc5 Bxc5 23. dxc5 Rxc5 24. g4 Rc4 25. g5 hxg5 26. hxg5 Rg4+ 27. Kh2 g6 28. Ne5 Rxg5 29. f4 Rh5+ 30. Kg2 Qh4 31. Qxg6+ fxg6 32. Nxg6 Qg4+ 33. Kf2 Rh2+ 34. Ke1 Qg1# 0-1

[Event "Junior Online 4NCL Division 5"]
[Site "online"]
[Date "2021.03.18"]
[EventDate "2021.03.18"]
[Round "5.215"]
[White "Perl, Joseph"]
[WhiteElo "1164"]
[WhiteTeam "Barnet Knights F"]
[Black "Szajman, Adam"]
[BlackElo "998"]
[BlackTeam "Edgware Gambits H"]
[Result "1-0"]
[PlyCount "133"]

1. Nf3 e6 2. g3 d5 3. Bg2 Bd7 4. d4 c5 5. O-O cxd4 6. Qxd4 Qf6 7. Qxf6 Nxf6 8. Ne5 Bd6 9. Nxd7 Kxd7 10. c4 dxc4 11. Bxb7 Nc6 12. Bxa8 Rxa8 13. Nc3 Nd5 14. Nxd5 exd5 15. Rd1 d4 16. e3 dxe3 17. fxe3 Nb4 18. Rd2 Ke6 19. a3 Nd5 20. e4 Nf6 21. Rd4 Ke5 22. Rxc4 Nxe4 23. Bf4+ Kd5 24. Rcc1 Bxf4 25. gxf4 Nc5 26. b4 Nb3 27. Rd1+ Ke4 28. Rab1 Nd4 29. Kf2 Nb5 30. Kg3 Nxa3 31. Re1+ Kf5 32. Re5+ Kf6 33. Rc1 Nb5 34. Rxb5 a6 35. Rb6+ Ke7 36. Ra1 f6 37. Raxa6 Rxa6 38. Rxa6 Kd7 39. b5 Kc7 40. b6+ Kb7 41. Ra7+ Kxb6 42. Rxg7 h5 43. Rf7 Kc5 44. Rxf6 Kd5 45. Rf5+ Ke6 46. Rxh5 Kf6 47. Kg4 Kg6 48. f5+ Kg7 49. Kg5 Kg8 50. Kg6 Kf8 51. Rh8+ Ke7 52. f6+ Ke6 53. f7 Kd7 54. f8=Q Kc6 55. Qc8+ Kd5 56. Rh5+ Kd4 57. Qd7+ Ke4 58. Qa4+ Kd3 59. Rd5+ Kc3 60. Qd4+ Kb3 61. Rb5+ Kc2 62. Rc5+ Kb3 63. Qc4+ Kb2 64. Rb5+ Ka3 65. Qc3+ Ka2 66. Qb3+ Ka1 67. Ra5# 1-0